[Event "Tourn. n9684"]
[Site "www.chess-mail.com"]
[Date "2018.04.12"]
[Round "1"]
[White "Awfen"]
[Black "Sahlapalat"]
[WhiteElo "2030"]
[BlackElo "2090"]
[Result "0-1"]
[Round "1"]
1.e4 c5
2.Ng1f3 d6
3.Bf1c4 e6
4.O-O Nb8c6
5.c3 Ng8f6
6.d4 cxd4
7.cxd4 d5
8.exd5 Nf6xd5
9.Nb1c3 Bf8e7
10.Nc3xd5 exd5
11.Bc4b3 O-O
12.a3 Bc8g4
13.Bc1e3 Be7f6
14.Qd1e2 Rf8e8
15.Ra1d1 Nc6a5
16.Bb3a2 Ra8c8
17.h3 Bg4h5
18.Ba2b1 Na5c4
19.Qe2d3 Bh5g6
20.Qd3e2 Qd8b6
21.Bb1xg6 hxg6
22.Rd1b1 Qb6b3
23.Nf3d2 Nc4xd2
24.Qe2xd2 Rc8c2
25.Qd2b4 Qb3xb4
26.axb4 Re8c8
27.Rf1c1 Rc2xc1
28.Rb1xc1 Rc8xc1
29.Be3xc1 Bf6xd4
30.Kf1 Kf8
31.Ke2 Ke7
32.f3 Ke6
33.Kd3 Bd4e5
34.b5 Kd6
35.b4 Ke6
36.f4 Be5d6
37.Bc1d2 f6
38.g4 Bd6c7
39.Kd4 Bc7b6
40.Kd3 Kd6
41.Bd2e3 Bb6xe3
42.Kxe3 Kc7
43.Kd4 Kb6
44.Kxd5 Kxb5
45.Ke6 Kxb4
46.Kf7 a5
47.Kxg7 a4
48.Kxg6 a3
49.Kxf6 a2
50.f5 a1Q
{ resign }
0-1

[Event "Tourn. n9678"]
[Site "www.chess-mail.com"]
[Date "2018.04.12"]
[Round "1"]
[White "Passaroa25"]
[Black "Jjmcbride"]
[WhiteElo "1680"]
[BlackElo "1630"]
[Result "0-1"]
[Round "1"]
1.Nb1c3 e6
2.Ng1f3 d5
3.d4 h6
4.e4 c6
5.Nf3e5 Nb8d7
6.Bf1d3 Nd7xe5
7.dxe5 d4
8.Nc3e2 Qd8a5
9.Bc1d2 Qa5xe5
10.f4 Qe5c5
11.b4 Qc5d6
12.e5 Qd6d5
13.O-O Ng8e7
14.c4 Qd5d7
15.c5 b6
16.Bd2e1 Ne7d5
17.Be1d2 bxc5
18.b5 cxb5
19.Bd3e4 Bc8b7
20.Ne2g3 Qd7c6
21.Be4xd5 Qc6xd5
22.Bd2a5 b4
23.Qd1f3 Qd5d7
24.Ng3e4 Qd7b5
25.Rf1e1 Qb5xa5
26.Ne4d6 Bf8xd6
27.Qf3xb7 O-O
28.exd6 Ra8b8
29.Qb7c7 Qa5xc7
30.dxc7 Rb8c8
31.a4 Rc8xc7
32.a5 c4
33.Ra1a4 Rf8b8
34.Re1e4 Rc7d7
35.Kf2 c3
36.Ke1 Rb8b5
37.Re4e5 Rb5xe5
38.fxe5 Rd7b7
39.g4 Rb7b5
40.Ke2 f6
41.exf6 gxf6
42.Kd3 e5
43.Kc4 Rb5b8
44.Ra4xb4 Rb8xb4
45.Kd3 Rb4b2
46.h4 Rb2d2
47.Kc4 c2
{ resign }
0-1

[Event "Tourn. n9790"]
[Site "www.chess-mail.com"]
[Date "2018.04.12"]
[Round "1"]
[White "Drawlward"]
[Black "Fegatux"]
[WhiteElo "2550"]
[BlackElo "2350"]
[Result "1-0"]
[Round "1"]
1.e4 d6
2.d4 Ng8f6
3.Nb1c3 c6
4.f4 Qd8a5
5.Bf1d3 e5
6.Ng1f3 exd4
7.Nf3xd4 g6
8.Nd4f3 Bf8g7
9.O-O O-O
10.Qd1e1 Nb8d7
11.h3 b5
12.a3 Rf8e8
13.Bc1e3 Qa5c7
14.Qe1h4 a6
15.f5 Bc8b7
16.Be3h6 Bg7h8
17.Nf3g5 Nd7e5
18.Rf1f2 a5
19.Ra1f1 Qc7e7
20.fxg6 fxg6
21.Nc3e2 Ra8d8
22.Ne2d4 Bb7c8
23.Qh4g3 Nf6h5
24.Qg3h4 Nh5f6
25.Bd3e2 d5
26.exd5 Rd8xd5
27.c4 bxc4
28.Nd4xc6 Ne5xc6
29.Be2xc4 Nc6e5
30.Bc4xd5 Nf6xd5
31.Rf2f8 Re8xf8
32.Rf1xf8 Qe7xf8
33.Bh6xf8 Kxf8
34.Ng5xh7 Kg7
35.Nh7g5 Nd5f6
36.b4 axb4
37.Qh4xb4 Ne5c6
38.Qb4d6 Bc8d7
39.Ng5e4 { resign }
1-0

[Event "Tourn. n9688"]
[Site "www.chess-mail.com"]
[Date "2018.04.12"]
[Round "1"]
[White "Tartan"]
[Black "Aniruddhadg"]
[WhiteElo "2550"]
[BlackElo "2360"]
[Result "0-1"]
[Round "1"]
1.e4 e6
2.d4 d5
3.Nb1c3 Ng8f6
4.Bc1g5 Bf8b4
5.e5 h6
6.Bg5d2 Bb4xc3
7.bxc3 Nf6e4
8.Qd1g4 Kf8
9.Bf1d3 Ne4xd2
10.Kxd2 c5
11.Ng1f3 c4
12.Bd3e2 Nb8c6
13.a4 Bc8d7
14.h4 a5
15.Rh1b1 Ra8b8
16.Rb1b2 Nc6a7
17.Ke1 Na7c8
18.Qg4f4 Nc8b6
19.Rb2a2 Qd8e8
20.Kf1 Nb6xa4
21.Nf3g1 Kg8
22.Be2f3 b6
23.Ng1e2 Kh7
24.g4 b5
25.Bf3g2 b4
26.cxb4 axb4
27.Qf4d2 g6
28.Ra1b1 Qe8e7
29.Qd2f4 b3
30.cxb3 cxb3
31.Ra2a3 b2
32.h5 Bd7b5
33.hxg6 fxg6
34.Ra3h3 g5
35.Qf4d2 Kg7
36.Ke1 Bb5xe2
37.Kxe2 Rh8c8
38.Bg2f1 Qe7c7
{ resign }
0-1

[Event "Tourn. n9744"]
[Site "www.chess-mail.com"]
[Date "2018.04.12"]
[Round "1"]
[White "Odin"]
[Black "Bojan"]
[WhiteElo "1850"]
[BlackElo "1800"]
[Result "0-1"]
[Round "1"]
1.e4 Nb8c6
2.f4 e5
3.Ng1f3 exf4
4.d4 g5
5.d5 Nc6a5
6.Nb1c3 b6
7.Bc1d2 Na5b7
8.Bf1a6 f6
9.Nc3b5 c6
10.Ba6xb7 Bc8xb7
11.dxc6 dxc6
12.Nb5c3 h6
13.Qd1e2 Bf8d6
14.O-O-O Qd8c7
15.Nf3d4 Qc7f7
16.Nd4f5 Bd6e5
17.Kb1 Ng8e7
18.g4 O-O-O
19.Bd2c1 Be5xc3
20.Nf5d6 Rd8xd6
21.Rd1xd6 Bc3e5
22.Rd6d1 c5
23.Qe2d2 Ne7c6
24.Qd2e2 Nc6d4
25.Qe2e1 Rh8e8
26.h4 Nd4f3
27.Qe1f2 Nf3xh4
28.Rd1d2 Bb7xe4
29.Rh1d1 Re8e7
30.Qf2e2 Be4f3
31.Qe2a6 Bf3b7
32.Qa6xa7 Qf7e6
33.Rd2d8 Kc7
34.a4 Kc6
35.Rd1e1 Qe6xg4
36.a5 bxa5
37.Qa7xa5 Be5c7
38.Qa5a4 Kb6
39.Re1xe7 Bc7xd8
40.Qa4b3 Kc6
41.Re7xb7 Qg4f5
42.Qb3b5 Kd6
43.Bc1d2 Qf5d5
44.Qb5d7 Ke5
45.Bd2c3 Ke4
46.Qd7h7 Ke3
47.Kc1 Qd5h1
{ resign }
0-1

[Event "Tourn. n9743"]
[Site "www.chess-mail.com"]
[Date "2018.04.12"]
[Round "1"]
[White "Maj16"]
[Black "Passaroa25"]
[WhiteElo "1659"]
[BlackElo "1660"]
[Result "0-1"]
[Round "1"]
1.d4 Ng8f6
2.Ng1f3 Nb8c6
3.c4 d6
4.g3 e6
5.Bf1g2 Bf8e7
6.O-O Bc8d7
7.Nb1c3 O-O
8.e4 Nc6b4
9.a3 Nb4c6
10.Rf1e1 Nc6a5
11.b3 b6
12.e5 dxe5
13.Nf3xe5 Be7d6
14.Ne5xd7 Qd8xd7
15.Bg2xa8 Rf8xa8
 { time }
0-1

[Event "Match"]
[Site "www.echecsemail.com"]
[Date "2018.04.12"]
[Round "1"]
[White "Reda"]
[Black "Cal"]
[WhiteElo "1499"]
[BlackElo "1550"]
[Result "1-0"]
[Round "1"]
1.d4 d5
2.Bc1f4 h6
3.Nb1c3 Ng8f6
4.Ng1f3 e6
5.Nc3b5 Bf8d6
6.Bf4xd6 cxd6
7.e3 O-O
8.Bf1d3 a6
9.Nb5c3 b5
10.O-O Bc8b7
11.Rf1e1 Nf6h5
12.Nf3d2 Nh5f6
13.e4 b4
14.Nc3e2 Nb8d7
15.Ne2g3 dxe4
16.Bd3xe4 d5
17.Be4d3 e5
18.dxe5 Nf6e8
19.f4 Ne8c7
20.Nd2b3 a5
21.Qd1f3 Nc7e6
22.f5 Ne6g5
23.Qf3h5 a4
24.Nb3d4 Nd7c5
25.f6 Nc5e6
26.Nd4f5 Ne6f4
27.Qh5g4 Nf4xd3
28.cxd3 d4
29.Ng3e2 Bb7c8
30.fxg7 Rf8e8
31.Ne2xd4 Bc8b7
32.h4 Ng5e6
33.Nf5xh6 Kh7
34.Nd4xe6 Re8xe6
35.g8Q Qd8xg8
36.Nh6xg8 Re6g6
37.Ng8f6 Kg7
38.Qg4d4 Rg6xg2
39.Kf1 Bb7c8
40.Re1e2 Rg2xe2
41.Kxe2 Bc8f5
42.Ra1g1 Kh6
43.Qd4f4 { resign }
1-0

[Event "Match"]
[Site "www.echecsemail.com"]
[Date "2018.04.12"]
[Round "1"]
[White "Geodad5"]
[Black "Fegatux"]
[WhiteElo "2240"]
[BlackElo "2099"]
[Result "0-1"]
[Round "1"]
1.e4 d6
2.d4 Ng8f6
3.Nb1c3 c6
4.Bf1d3 g6
5.Ng1f3 Bf8g7
6.O-O O-O
7.h3 b5
8.a3 Rf8e8
9.Bc1e3 Nb8d7
10.Qd1d2 e5
11.dxe5 dxe5
12.Ra1d1 Qd8c7
13.Be3h6 Nd7c5
14.Bh6xg7 Kxg7
15.Nf3h2 a5
16.Qd2e3 Nc5e6
17.Nc3e2 Nf6h5
18.Nh2g4 Ne6f4
19.Ne2xf4 Nh5xf4
20.f3 Bc8e6
21.Kh2 h5
22.Ng4f2 h4
23.Rd1d2 Qc7a7
24.Qe3xa7 Ra8xa7
25.Rf1d1 Ra7d7
26.b4 a4
27.Bd3f1 Re8d8
28.Rd2xd7 Rd8xd7
29.Rd1xd7 Be6xd7
30.c4 c5
31.cxb5 cxb4
32.b6 bxa3
33.Bf1c4 Bd7c6
34.Nf2g4 Nf4d3
35.Ng4e3 Nd3b4
36.Bc4d5 Nb4xd5
37.exd5 Bc6b7
38.d6 Kf8
39.Kg1 Ke8
40.Kf2 Kd7
41.Ne3c2 a2
42.Ke3 Kxd6
43.Kd3 Kc5
44.Kc3 e4
45.fxe4 Bb7xe4
46.Nc2a1 Be4xg2
47.Kb2 Kxb6
48.Kxa2 Bg2xh3
49.Na1c2 Bh3e6
50.Ka3 h3
{ resign }
0-1

[Event "Match"]
[Site "www.echecsemail.com"]
[Date "2018.04.12"]
[Round "1"]
[White "Apdash"]
[Black "Add"]
[WhiteElo "2210"]
[BlackElo "2180"]
[Result "0-1"]
[Round "1"]
1.e4 e5
2.Ng1f3 d6
3.d4 exd4
4.Nf3xd4 Nb8c6
5.Bf1c4 Nc6e5
6.Bc4b3 Qd8f6
7.O-O a6
8.f4 Ne5c6
9.Nd4xc6 bxc6
10.e5 Qf6f5
11.Qd1f3 d5
12.c4 Bf8c5
13.Kh1 Qf5e4
14.cxd5 Qe4xf3
15.Rf1xf3 Ng8e7
16.Nb1c3 O-O
17.Nc3e4 Bc5b6
18.d6 Ne7d5
19.Rf3d3 Bc8f5
20.Bb3xd5 cxd5
21.Rd3xd5 Bf5xe4
22.Rd5d1 cxd6
23.exd6 Rf8d8
24.b4 Rd8d7
25.Bc1b2 f6
26.a4 Ra8c8
27.Bb2d4 Rd7xd6
28.Bd4xb6 Rd6xb6
29.Rd1d4 f5
30.h3 h5
31.Ra1a2 h4
32.Ra2b2 a5
33.b5 Kh7
34.Kh2 Rc8c2
35.Rd4d2 Rc2c4
36.Rb2a2 Be4b7
37.g3 hxg3
38.Kxg3 Rb6g6
39.Kh2 Rc4xf4
40.Rd2d7 Bb7e4
41.Ra2b2 Rf4f1
{ resign }
0-1

[Event "Match"]
[Site "www.echecsemail.com"]
[Date "2018.04.12"]
[Round "1"]
[White "Fegatux"]
[Black "Micheles"]
[WhiteElo "1499"]
[BlackElo "2590"]
[Result "0-1"]
[Round "1"]
1.d4 Ng8f6
2.c4 g6
3.Nb1c3 d5
4.Bc1g5 Nf6e4
5.Bg5f4 Ne4xc3
6.bxc3 Bf8g7
7.Ng1f3 c5
8.e3 O-O
9.cxd5 cxd4
10.cxd4 Qd8xd5
11.Bf1e2 Nb8c6
12.O-O Bc8f5
13.Qd1a4 Qd5a5
14.Qa4xa5 Nc6xa5
15.Nf3d2 Ra8c8
16.Rf1c1 Na5c6
17.g4 Bf5e6
18.Be2f3 Nc6b4
19.Rc1xc8 Rf8xc8
20.a3 Nb4d5
21.Bf4g3 b6
22.a4 Rc8c2
23.Nd2e4 h6
24.h3 f5
25.Bf3d1 Rc2b2
26.Ne4d6 exd6
27.Bg3xd6 f4
28.e4 Bg7xd4
29.Ra1c1 Rb2xf2
30.Kh1 Rf2f1
31.Kh2 Bd4g1
32.Kh1 Bg1e3
{ resign }
0-1

[Event "Tourn. n9753"]
[Site "www.chess-mail.com"]
[Date "2018.04.13"]
[Round "1"]
[White "Falcoale"]
[Black "Iko"]
[WhiteElo "1850"]
[BlackElo "1680"]
[Result "1-0"]
[Round "1"]
1.e4 e5
2.Ng1f3 d6
3.b3 Bc8g4
4.h3 Bg4xf3
5.Qd1xf3 Qd8e7
6.Bc1b2 Nb8c6
7.Bf1b5 Qe7d7
8.O-O O-O-O
9.a4 a6
10.Bb5c4 Nc6b4
11.Nb1a3 Ng8f6
12.c3 Nb4c6
13.b4 Nc6e7
14.a5 b5
15.Bc4xf7 Qd7c6
16.d3 Ne7g8
17.c4 bxc4
18.Na3xc4 Rd8d7
19.Bf7e6 d5
20.Nc4xe5 Qc6xe6
21.Ne5xd7 Qe6xd7
22.e5 Nf6e8
23.d4 Bf8xb4
24.Bb2a3 Bb4xa5
25.Ba3c5 Qd7b5
26.Rf1b1 Qb5c4
27.Qf3f5 Kd8
28.Rb1b8 
1-0

[Event "Tourn. n9751"]
[Site "www.chess-mail.com"]
[Date "2018.04.13"]
[Round "1"]
[White "Roserl"]
[Black "Jazzy"]
[WhiteElo "2280"]
[BlackElo "2290"]
[Result "0-1"]
[Round "1"]
1.e4 b6
2.d4 Bc8b7
3.Nb1c3 e6
4.a3 Ng8f6
5.Bf1d3 d5
6.e5 Nf6e4
7.Qd1e2 Ne4xc3
8.bxc3 Bf8e7
9.Qe2g4 g6
10.Ng1f3 Nb8c6
11.O-O Qd8d7
12.Nf3g5 Be7f8
13.Qg4f4 h6
14.Ng5f3 O-O-O
15.Qf4f6 Bf8e7
16.Qf6xf7 g5
17.h3 Rd8f8
18.Qf7h5 Nc6a5
19.Nf3d2 Kb8
20.Qh5e2 h5
21.Nd2b3 Na5c6
22.Bc1e3 g4
 { time }
0-1

[Event "Tourn. n9667"]
[Site "www.chess-mail.com"]
[Date "2018.04.13"]
[Round "1"]
[White "Sahlapalat"]
[Black "Fabos12"]
[WhiteElo "2050"]
[BlackElo "2010"]
[Result "1-0"]
[Round "1"]
1.d4 e6
2.c4 d5
3.Nb1c3 Bf8b4
4.e3 Nb8c6
5.Ng1f3 Ng8e7
6.Bf1d3 a5
7.O-O Bb4xc3
8.bxc3 Ra8b8
9.Qd1e2 dxc4
10.Bd3xc4 Ne7d5
11.Bc1b2 Nc6e7
12.Bc4d3 Bc8d7
13.Ra1d1 b5
14.Nf3e5 O-O
15.Qe2c2 Ne7g6
16.Ne5f3 Rf8e8
17.Rf1e1 Ng6f8
18.Nf3e5 Bd7c8
19.Ne5c6 Qd8d6
20.Nc6xb8 Bc8b7
21.Bd3xb5 Re8xb8
22.e4 Nd5f4
23.e5 Qd6d5
24.Bb5f1 Nf4xg2
25.f3 Ng2xe1
26.Rd1xe1 Qd5xf3
27.Bf1g2 Qf3g4
28.Bb2a3 Nf8g6
29.Kh1 Bb7xg2
30.Qc2xg2 Qg4h4
31.Qg2g1 Qh4h3
32.Qg1g3 Qh3f5
33.Qg3g2 h6
34.Re1f1 Rb8b1
35.Ba3c1 Qf5d3
{ time. }
1-0

[Event "Tourn. n9747"]
[Site "www.chess-mail.com"]
[Date "2018.04.13"]
[Round "1"]
[White "Caroluigi"]
[Black "Gegonz"]
[WhiteElo "1800"]
[BlackElo "1610"]
[Result "1-0"]
[Round "1"]
1.d4 Ng8f6
2.c4 e5
3.dxe5 Nf6g4
4.Ng1f3 Bf8c5
5.e3 Nb8c6
6.Bc1d2 Ng4xe5
7.Nf3xe5 Nc6xe5
8.b4 Bc5e7
9.Qd1b3 O-O
10.Bd2c3 d6
11.Bf1e2 Bc8e6
12.Nb1d2 a6
13.Ra1d1 Qd8e8
14.Qb3b2 Qe8a4
15.O-O Qa4c6
16.Bc3xe5 dxe5
17.Qb2xe5 Be7xb4
18.Be2f3 Qc6a4
19.Bf3d5 Be6xd5
20.cxd5 Ra8d8
21.Nd2f3 Rd8d6
22.Qe5e4 Rf8e8
23.Qe4b1 Rd6d8
24.Rd1d4 a5
25.Rf1d1 h6
26.h4 g6
27.Rd4g4 Rd8d6
28.h5 Qa4d7
29.Rd1d4 b5
30.hxg6 f5
31.Rg4f4 Rd6xd5
32.Rd4xd5 Qd7xd5
33.Rf4xf5 Qd5e4
34.Qb1b3 Qe4c4
35.Rf5xb5 Qc4xb3
36.axb3 Kg7
37.Rb5b7 Re8e7
38.Nf3d4 Kxg6
39.Nd4c6 { resign }
1-0

[Event "Tourn. n9761"]
[Site "www.chess-mail.com"]
[Date "2018.04.13"]
[Round "1"]
[White "Dussek"]
[Black "Ermejo69"]
[WhiteElo "1680"]
[BlackElo "1689"]
[Result "0-1"]
[Round "1"]
1.d4 e6
2.Ng1f3 c5
3.d5 Ng8f6
4.c4 exd5
5.cxd5 d6
6.Nb1c3 g6
7.e4 Bf8g7
8.Bf1d3 O-O
9.O-O Nb8d7
10.Bc1f4 Nd7b6
11.b3 Nf6h5
12.Bf4d2 a6
13.h3 f5
14.Bd2g5 Qd8c7
15.Ra1c1 fxe4
16.Bd3xe4 Bc8f5
17.Rf1e1 Ra8e8
18.g4 Bf5xe4
19.Nc3xe4 Nh5f4
20.Qd1d2 Nf4xd5
21.Qd2e2 Qc7f7
22.Qe2d1 Re8xe4
23.Re1xe4 Qf7xf3
24.Qd1xf3 Rf8xf3
25.Kg2 Rf3f7
26.f3 Bg7e5
{ resign }
0-1

[Event "Tourn. n9733"]
[Site "www.chess-mail.com"]
[Date "2018.04.13"]
[Round "1"]
[White "Sorim"]
[Black "Awfen"]
[WhiteElo "2070"]
[BlackElo "2090"]
[Result "1-0"]
[Round "1"]
1.d4 d5
2.Ng1f3 Ng8f6
3.c4 c6
4.e3 e6
5.Nb1c3 Bf8b4
6.a3 Bb4a5
7.Bf1d3 a6
8.O-O O-O
9.Qd1c2 Nb8d7
10.Nf3g5 g6
11.e4 e5
12.cxd5 cxd5
13.Nc3xd5 Nf6xd5
14.exd5 exd4
15.Qc2c4 Ba5b6
16.Bc1f4 Bb6a7
17.Ng5e4 b5
18.Qc4c6 Nd7b6
19.Bf4c7 Qd8e7
20.d6 Qe7e6
21.Bc7xb6 Bc8d7
22.Qc6xd7 Ba7xb6
23.Ra1c1 Kg7
24.Qd7xe6 fxe6
25.Rc1c6 Bb6d8
26.Rf1c1 e5
27.Rc1c5 Bd8h4
28.Rc5xe5 Kh6
29.d7 Rf8f7
30.Rc6c8 Rf7f8
31.Re5e8 { resign }
1-0

[Event "Tourn. n9670"]
[Site "www.chess-mail.com"]
[Date "2018.04.13"]
[Round "1"]
[White "Stepanpech"]
[Black "Tartan"]
[WhiteElo "2400"]
[BlackElo "2530"]
[Result "1/2-1/2"]
[Round "1"]
1.e4 c5
2.c3 Ng8f6
3.e5 Nf6d5
4.d4 cxd4
5.Ng1f3 Nb8c6
6.cxd4 d6
7.Bf1c4 Nd5b6
8.Bc4b5 dxe5
9.Nf3xe5 Bc8d7
10.Bb5xc6 Bd7xc6
11.Ne5xc6 bxc6
12.O-O g6
13.Rf1e1 Bf8g7
14.Bc1g5 O-O
15.Bg5xe7 Qd8xd4
16.Qd1xd4 Bg7xd4
17.Nb1d2 Rf8e8
18.Be7a3 c5
19.Kf1 c4
20.Re1xe8 Ra8xe8
21.Ra1c1 Re8c8
22.Nd2e4 Rc8d8
23.Rc1d1 Rd8d5
24.Ke2 f5
25.Ne4d6 c3
26.bxc3 Bd4xc3
27.Rd1xd5 Nb6xd5
{ draw }
1/2-1/2

[Event "Tourn. n9730"]
[Site "www.chess-mail.com"]
[Date "2018.04.13"]
[Round "1"]
[White "Krystek23"]
[Black "Tartan"]
[WhiteElo "2470"]
[BlackElo "2490"]
[Result "1/2-1/2"]
[Round "1"]
1.c4 e6
2.Nb1c3 d5
3.d4 Ng8f6
4.e3 c6
5.Ng1f3 Nb8d7
6.Bf1e2 dxc4
7.Be2xc4 b5
8.Bc4d3 Bc8b7
9.O-O a6
10.e4 c5
11.e5 cxd4
12.Nc3xb5 Bb7xf3
13.Qd1xf3 Nf6d5
14.Nb5xd4 Nd7xe5
15.Qf3e2 Ne5xd3
16.Qe2xd3 Bf8c5
17.Qd3c4 Bc5xd4
18.Qc4xd4 O-O
19.b3 Ra8c8
20.Bc1b2 f6
21.Ra1c1 Qd8a5
22.Rc1xc8 Rf8xc8
23.Qd4e4 Rc8c6
24.h3 Qa5xa2
25.Rf1c1 Rc6xc1
26.Bb2xc1 Qa2xb3
{ draw }
1/2-1/2

[Event "Tourn. n9711"]
[Site "www.chess-mail.com"]
[Date "2018.04.13"]
[Round "1"]
[White "Jose"]
[Black "Szustan"]
[WhiteElo "2830"]
[BlackElo "2600"]
[Result "1-0"]
[Round "1"]
1.Ng1f3 Nb8c6
2.d4 d5
3.c4 dxc4
4.d5 Nc6b8
5.e4 e6
6.Bf1xc4 exd5
7.Bc4xd5 Ng8f6
8.Bd5xf7 Kxf7
9.Qd1xd8 Bf8b4
10.Qd8d2 Bb4xd2
11.Nf3xd2 b6
12.Nb1a3 Bc8a6
13.f3 Rh8d8
14.Nd2c4 c5
15.Bc1d2 Nb8c6
16.O-O-O b5
17.Nc4e3 Ra8c8
18.Na3c2 b4
19.Bd2e1 Rd8xd1
20.Kxd1 Ba6b5
21.Be1g3 a5
22.Ne3f5 Nf6e8
23.Kc1 g6
24.Nf5h6 Kg7
25.Nh6g4 Ne8f6
26.Ng4xf6 Kxf6
27.Nc2e3 a4
28.Rh1d1 Nc6d4
29.Ne3d5 Kf7
30.Bg3f2 Nd4e6
31.Nd5b6 Rc8f8
32.Rd1d6 Bb5f1
33.Rd6d7 Ke8
34.Rd7xh7 Bf1xg2
35.Nb6xa4 c4
36.Bf2h4 g5
37.Bh4e1 b3
38.axb3 cxb3
39.Be1b4 Rf8f6
40.Na4c3 Rf6f7
41.Rh7h6 Ne6f4
42.Kd2 Bg2xf3
43.e5 Kd7
44.Nc3a4 Bf3d5
45.Na4c5 Kd8
46.e6 Rf7g7
47.Ke3 Rg7g6
48.Rh6xg6 Nf4xg6
49.Kd4 Bd5f3
50.Nc5xb3 { resign }
1-0

[Event "Tourn. n9667"]
[Site "www.chess-mail.com"]
[Date "2018.04.13"]
[Round "1"]
[White "Fabos12"]
[Black "Bevittsmith"]
[WhiteElo "2010"]
[BlackElo "2230"]
[Result "0-1"]
[Round "1"]
1.d4 Ng8f6
2.c4 g6
3.Ng1f3 Bf8g7
4.Nb1c3 d5
5.cxd5 Nf6xd5
6.e4 Nd5xc3
7.bxc3 c5
8.Bc1e3 Bc8g4
9.Bf1d3 Nb8c6
10.Qd1a4 O-O
11.Ra1d1 Qd8c7
12.O-O a6
13.Bd3e2 Bg4d7
14.Qa4c2 cxd4
15.Nf3xd4 Ra8c8
16.Nd4xc6 Bd7xc6
17.Be2g4 e6
18.Rd1d2 Bc6b5
19.c4 Qc7xc4
20.Rf1c1 Qc4xc2
21.Rd2xc2 Rc8xc2
22.Rc1xc2 Bb5c6
23.f3 Rf8d8
24.Kf2 Bg7d4
25.h4 Bd4xe3
26.Kxe3 Kg7
27.f4 Bc6b5
28.Bg4e2 Bb5xe2
29.Kxe2 Rd8d4
30.Ke3 Rd4a4
31.g3 Ra4a3
32.Kf2 b5
33.Rc2b2 Kf6
34.Rb2c2 b4
35.Rc2d2 Ra3c3
36.Rd2e2 h6
37.g4 g5
38.e5 Kg7
39.hxg5 hxg5
40.f5 a5
41.f6 Kf8
42.Re2e3 Rc3c2
43.Re3e2 Rc2xe2
44.Kxe2 Ke8
45.Kd3 Kd7
46.Kc4 Kc6
47.a4 bxa3
48.Kb3 a2
49.Kxa2 Kd5
{ resign }
0-1

[Event "Tourn. n9739"]
[Site "www.chess-mail.com"]
[Date "2018.04.14"]
[Round "1"]
[White "Esperanza"]
[Black "Sefj"]
[WhiteElo "2040"]
[BlackElo "1809"]
[Result "1-0"]
[Round "1"]
1.d4 c6
2.c4 e5
3.dxe5 Qd8a5
4.Nb1c3 Qa5xe5
5.Ng1f3 Qe5c7
6.e4 Bf8c5
7.Bf1d3 Ng8f6
8.O-O Nf6g4
9.h3 Ng4e5
10.Bc1f4 Ne5xf3
11.Qd1xf3 Qc7b6
12.Nc3a4 Qb6a5
13.Na4xc5 Qa5xc5
14.Qf3g3 Nb8a6
15.Bf4d6 Qc5d4
16.e5 h6
17.Qg3xg7  { time }
1-0

[Event "Tourn. n9681"]
[Site "www.chess-mail.com"]
[Date "2018.04.14"]
[Round "1"]
[White "Falcoale"]
[Black "Julian"]
[WhiteElo "1930"]
[BlackElo "1720"]
[Result "1/2-1/2"]
[Round "1"]
1.e4 c5
2.Ng1f3 Nb8c6
3.Bf1c4 e6
4.O-O d6
5.a3 Ng8f6
6.d3 Bf8e7
7.Nb1c3 O-O
8.Bc4a2 a6
9.Nc3e2 e5
10.c3 h6
11.Ne2g3 Bc8g4
12.h3 Bg4e6
13.Ng3f5 Be6xf5
14.exf5 d5
15.Rf1e1 e4
16.Nf3h2 Nc6e5
17.d4 cxd4
18.Qd1xd4 Ne5d3
19.Ba2b1 Nd3xe1
20.Bc1d2 Ne1d3
21.Bb1xd3 exd3
22.Qd4xd3 Nf6e4
23.Bd2e3 Be7g5
24.Be3xg5 Qd8xg5
25.Qd3xd5 Ne4f6
26.Qd5xb7 Ra8b8
27.Qb7xa6 Nf6e4
28.Nh2f3 Qg5xf5
29.Qa6e2 Rf8e8
30.Nf3d4 Qf5g6
31.Qe2c2 Qg6f6
32.Nd4f3 Qf6b6
33.Ra1b1 Rb8d8
34.Nf3d4 Rd8d5
35.Rb1e1 Rd5e5
36.Nd4f3 Re5e7
37.c4 Qb6xf2
38.Qc2xf2 Ne4xf2
39.Re1xe7 Re8xe7
40.Kxf2 Re7b7
41.b4 Rb7a7
42.c5 Ra7xa3
43.c6 Ra3b3
44.Nf3d4 Rb3xb4
45.c7 Rb4c4
46.c8Q Rc4xc8
47.Nd4f5 Kf8
48.Kf3 h5
49.Kf4 g6
50.Nf5e3 Kg7
51.Ne3d5 Rc8c4
52.Ke5 Rc4c5
53.Kd6 Rc5xd5
54.Kxd5 Kf6
55.Ke4 Kg5
56.Kf3 Kf5
57.h4 f6
58.Kg3 g5
59.hxg5 fxg5
60.Kf3 h4
61.Kf2 Kg4
62.Kg1 Kg3
63.Kh1 g4
64.Kg1 h3
65.gxh3 gxh3
66.Kh1 h2

1/2-1/2

[Event "Tourn. n9689"]
[Site "www.chess-mail.com"]
[Date "2018.04.14"]
[Round "1"]
[White "Prize64"]
[Black "Sahlapalat"]
[WhiteElo "2150"]
[BlackElo "2060"]
[Result "0-1"]
[Round "1"]
1.e4 c5
2.Ng1f3 d6
3.d4 cxd4
4.Nf3xd4 Ng8f6
5.f3 e5
6.Nd4b3 Bc8e6
7.c4 Bf8e7
8.Nb1c3 O-O
9.Bc1e3 Nb8c6
10.Ra1c1 Ra8c8
11.Nb3d2 a6
12.b3 Qd8a5
13.Bf1e2 Nf6h5
14.O-O Nh5f4
15.Nc3d5 Be6xd5
16.cxd5 Nc6b8
17.Nd2c4 Qa5xa2
18.Be3xf4 exf4
19.Qd1d3 b5
20.Nc4d2 Be7f6
21.Rf1e1 Nb8d7
22.Be2f1 Qa2b2
23.Rc1b1 Qb2d4
24.Kh1 Rc8c3
25.Qd3xd4 Bf6xd4
26.Re1d1 Bd4e3
27.Rb1b2 Nd7c5
28.b4 Nc5a4
29.Rb2a2 Rf8c8
30.Nd2b1 Rc3c1
{ resign }
0-1

[Event "Tourn. n9701"]
[Site "www.chess-mail.com"]
[Date "2018.04.14"]
[Round "1"]
[White "Osopanda"]
[Black "Falcoale"]
[WhiteElo "1800"]
[BlackElo "1930"]
[Result "1/2-1/2"]
[Round "1"]
1.e4 c5
2.Ng1f3 Nb8c6
3.d4 cxd4
4.Nf3xd4 a6
5.Bf1e2 Nc6xd4
6.Qd1xd4 Ng8f6
7.Nb1c3 d6
8.Bc1g5 e5
9.Qd4d2 h6
10.Bg5h4 Bf8e7
11.O-O b5
12.f3 Bc8b7
13.Bh4f2 O-O
14.Ra1d1 Qd8c7
15.Nc3d5 Nf6xd5
16.exd5 Ra8c8
17.c3 f5
18.f4 exf4
19.Qd2xf4 Be7g5
20.Qf4d4 Rc8e8
21.Be2h5 Re8e4
22.Qd4b6 Qc7xb6
23.Bf2xb6 Bg5e3
24.Bb6xe3 f4
25.Be3d4 Bb7xd5
26.Rd1d3 Bd5c4
27.Bh5f3 Bc4xd3
28.Bf3xe4 Bd3xe4
29.Rf1e1 d5
30.Kf2 f3
31.gxf3 Be4xf3
32.Kg3 Bf3e4
33.h4 Rf8f3
34.Kg4 g6
35.b3 Kh7
36.c4 Rf3d3
37.Bd4f6 bxc4
38.bxc4 Be4f5
39.Kf4 dxc4
40.Re1e7 Kg8
41.Re7a7 Rd3a3
42.h5 Ra3xa2
43.hxg6 Bf5xg6
44.Ra7g7 Kf8
45.Rg7xg6 h5
46.Bf6h4 c3
47.Rg6c6 c2
48.Kg5 a5
49.Kxh5 a4
50.Bh4f6 Kf7
51.Bf6g5 a3
52.Bg5c1 Ra2b2
53.Rc6a6 Rb2a2
54.Ra6xa3 Ra2xa3
55.Bc1xa3 Ke6
56.Ba3c1 { draw }
1/2-1/2

[Event "Tourn. n9789"]
[Site "www.chess-mail.com"]
[Date "2018.04.14"]
[Round "1"]
[White "Louis"]
[Black "Bojan"]
[WhiteElo "1990"]
[BlackElo "1990"]
[Result "1-0"]
[Round "1"]
1.d4 g6
2.c4 Bf8g7
3.g3 c6
4.Ng1f3 d5
5.cxd5 Qd8xd5
6.Nb1c3 Qd5d6
7.Bf1g2 Bc8g4
8.Bc1f4 Qd6b4
9.Nf3e5 Bg4f5
10.Ra1c1 Qb4xb2
11.O-O Ng8f6
12.e4 Bf5e6
13.d5 cxd5
14.Qd1a4 Nb8d7
15.exd5 Be6f5
16.Ne5c4 Qb2xc1
17.Rf1xc1 O-O
18.Nc4e3 Bf5d3
19.Rc1d1 Bd3a6
20.Qa4b4 Rf8e8
21.Nc3b5 h6
22.h4 Nf6h5
23.Nb5c7 Ba6e2
24.Rd1d2 a5
25.Nc7xa8 { resign }
1-0

[Event "Tourn. n9673"]
[Site "www.chess-mail.com"]
[Date "2018.04.14"]
[Round "1"]
[White "Aniruddhadg"]
[Black "Seger"]
[WhiteElo "2219"]
[BlackElo "2780"]
[Result "0-1"]
[Round "1"]
1.d4 Ng8f6
2.c4 e6
3.Ng1f3 d5
4.Nb1c3 c6
5.Bc1g5 dxc4
6.e4 b5
7.e5 h6
8.Bg5h4 g5
9.exf6 gxh4
10.Nf3e5 Qd8xf6
11.a4 a6
12.Bf1e2 Nb8d7
13.axb5 cxb5
14.Nc3xb5 Bf8b4
15.Nb5c3 Bb4xc3
16.bxc3 Nd7xe5
17.dxe5 Qf6xe5
18.O-O Qe5d5
19.Qd1xd5 exd5
20.Ra1a5 Bc8b7
21.Be2f3 Ke7
22.g3 Rh8b8
23.Rf1d1 hxg3
24.fxg3 Rb8d8
25.Rd1b1 Ra8a7
26.Rb1d1 Rd8d6
27.Kf2 Rd6f6
28.Kg2 Bb7c6
29.Rd1d2 Rf6f5
30.Ra5c5 Bc6a8
31.Rc5a5 Kd6
32.Rd2d4 h5
33.Rd4h4 Kc6
34.Rh4xc4 Kb6
35.Rc4a4 Ba8c6
36.Ra4a2 Bc6b5
37.Ra5a3 Ra7e7
38.Ra3b3 Re7e3
39.Bf3d1 Kc6
40.Ra2f2 Rf5xf2
41.Kxf2 Re3d3
42.Bd1xh5 d4
43.Bh5f3 Kd6
44.Bf3e4 Rd3e3
45.Be4b1 Re3xc3
{ resign }
0-1

[Event "Tourn. n9759"]
[Site "www.chess-mail.com"]
[Date "2018.04.14"]
[Round "1"]
[White "Apdash"]
[Black "Prize64"]
[WhiteElo "2210"]
[BlackElo "2150"]
[Result "1-0"]
[Round "1"]
1.e4 c5
2.Ng1f3 d6
3.d4 cxd4
4.Nf3xd4 Ng8f6
5.Nb1c3 a6
6.a4 Nb8d7
7.Bf1c4 Qd8c7
8.Bc4b3 g6
9.O-O Bf8g7
10.Bc1g5 O-O
11.Qd1d2 Nd7c5
12.Nc3d5 Nf6xd5
13.Bb3xd5 e6
14.b4 exd5
15.bxc5 dxc5
16.Nd4b3 Bg7xa1
17.Rf1xa1 d4
18.Bg5f6 { resign }
1-0

[Event "Tourn. n9735"]
[Site "www.chess-mail.com"]
[Date "2018.04.14"]
[Round "1"]
[White "Falcoale"]
[Black "Jjmcbride"]
[WhiteElo "1870"]
[BlackElo "1730"]
[Result "1-0"]
[Round "1"]
1.e4 e5
2.Ng1f3 f6
3.Bf1c4 Ng8e7
4.O-O c6
5.d4 Ne7g6
6.c3 b5
7.Bc4b3 Nb8a6
8.Rf1e1 d5
9.exd5 Bf8d6
10.Nb1d2 O-O
11.dxc6 Kh8
12.d5 Na6c5
13.Bb3c2 Qd8e8
14.Nd2e4 Nc5xe4
15.Bc2xe4 f5
16.Be4c2 e4
17.a4 b4
18.Nf3d4 Qe8e5
19.g3 Qe5xd5
20.Bc2b3 Qd5e5
21.Nd4b5 Bd6e7
22.Qd1d5  { time }
1-0

[Event "Tourn. n9684"]
[Site "www.chess-mail.com"]
[Date "2018.04.14"]
[Round "1"]
[White "Sahlapalat"]
[Black "Falcoale"]
[WhiteElo "2090"]
[BlackElo "1890"]
[Result "1-0"]
[Round "1"]
1.d4 Ng8f6
2.c4 b6
3.Nb1c3 Bc8b7
4.Ng1f3 e6
5.Bc1g5 h6
6.Bg5h4 Bf8e7
7.e3 O-O
8.Bf1e2 Rf8e8
9.O-O Nf6e4
10.Bh4xe7 Qd8xe7
11.Nc3xe4 Bb7xe4
12.Nf3d2 Be4b7
13.Be2f3 Nb8c6
14.Ra1c1 Ra8b8
15.a3 d5
16.cxd5 exd5
17.Qd1c2 Nc6a5
18.Qc2xc7 Qe7xc7
19.Rc1xc7 Re8d8
20.Rf1c1 b5
21.g3 Na5c4
22.Rc1c2 Rd8c8
23.Rc7xc8 Rb8xc8
24.Nd2b3 Nc4d6
25.Rc2xc8 Nd6xc8
26.Nb3c5 Bb7a8
27.Kf1 Nc8e7
28.Ke2 a5
29.b4 axb4
30.axb4 Ne7c6
31.Nc5d3 Nc6e7
32.Nd3c5 f5
33.Kd2 g5
34.Bf3e2 Ba8c6
35.Nc5e6 Kh7
36.Ne6c7 Kg6
37.Nc7xb5 Ne7c8
38.Nb5c7 Nc8d6
39.b5 Bc6b7
40.Be2d3 Nd6e4
41.Bd3xe4 fxe4
42.Kc3 Kh5
43.h3 Kg6
44.Kb4 Kf6
45.Kc5 Ke7
46.Nc7xd5 Ke6
47.Nd5c3 h5
48.Kb6 Bb7a8
49.Ka7 { resign }
1-0